• 首页
  • 本馆介绍
  • 公告通知
  • 最新文献
  • 馆藏检索
  • 电子资源
  • 读者导购
  • 参考咨询
  • 我的图书馆
  • 登录
  • 详细信息显示
  • 放入我的书架
  • 预约/预借图书
  • 作者相关作品
  • 分类相关作品
  • 丛书相关作品
  • 出版社相关作品

书目信息

  • 表格格式
  • 工作单格式
  • 卡片格式
题名:
商标知识
    
 
作者: 小野昌延 , 江口俊夫 著 ;魏启学 译
分册:  
出版信息: 北京   中国财政经济出版社  1981.01
页数: 150页
开本: 19cm
丛书名:
单 册:
中图分类: F760.5
科图分类:
主题词: 商品学
电子资源:
ISBN:
000 00655nam0 2200229 45
001 0309091694
005 20031219104114.0
010    @dCNY0.50
091    @a4166.230
100    @a20030909d1981 km y0chiy0120 ea
101 0  @achi
105    @a z 000yy
200 1  @a商标知识@AShang Biao Zhi Shi@f(日)小野昌延,江口俊夫著@F(Ri)Xiao Ye Chang Yan,Jiang Kou Jun Fu Zhu@g魏启学译
210    @a北京@c中国财政经济出版社@d1981.01
215    @a150页@d19cm
606 0  @a商品学
690    @aF760.5@v3
701  0 @a小野昌延@4著
701  0 @a江口俊夫@4著
702  0 @a魏启学@AWei Qi Xue@4译
801    @aCN@bTSTC@c20030909
905    @f1@b56118@dF760.5@e2
    
    商标知识/(日)小野昌延,江口俊夫著/魏启学译.-北京:中国财政经济出版社,1981.01
    150页;19cm
    
    
    ISBN :CNY0.50
    
●
相关链接 在E读中查询图书 在五车中查询图书 在当当中查询图书 在豆瓣中查询图书


正题名:商标知识     索取号:F760.5/2         预约/预借

序号 登录号 条形码 馆藏地/架位号 状态 备注
1 0056118   001815673   第一借阅区/ [索取号:F760.5/2] 在馆    
唐山师范学院图书馆 欢迎您!
大连网信软件有限公司© 版权所有